Personnages Genshin Impact par éléments #3 - Statistiques

Statistiques générales
  • Ce quiz a été pris 36 fois
  • Le résultat moyen est 25 sur 30
Statistiques - réponses
Hint Réponse % Correct
Kaeya Cryo
97%
Razor Électro
97%
Diluc Pyro
97%
Venti Anémo
93%
Lisa Électro
93%
Xingqiu Hydro
93%
Chongyun Cryo
90%
Keqing Électro
90%
Arataki Itto Géo
90%
Albedo Géo
90%
Sayu Anémo
87%
Émilie Dendro
87%
Sethos Électro
87%
Eula Cryo
83%
Nahida Dendro
83%
Kaveh Dendro
83%
Yelan Hydro
83%
Yanfei Pyro
83%
Yoimiya Pyro
83%
Mavuika Pyro
83%
Yumemizuki Mizuki Anémo
80%
Mika Cryo
80%
Ineffa Électro
80%
Nilou Hydro
80%
Lyney Pyro
80%
Faruzan Anémo
77%
Escoffier Cryo
77%
Chiori Géo
77%
Skirk Cryo
73%
Dahlia Hydro
63%
Aucun quiz correspondant
Distribution des résultats
% des personnes avec chaque résultat
Percentile par nombre de réponses
Votre historique - résultats
Vous n’avez pas pris ce quiz